| 000 | 02324nam0a2200397 4500 | ||
|---|---|---|---|
| 001 | RU\NLR\bibl\1350785 | ||
| 005 | 20260407200540.0 | ||
| 010 |
_a978-5-903258-06-2 _9230 |
||
| 021 |
_aRU _b2009-8169 _9471 |
||
| 035 | _a(nilc)RSL-KNO-004246116 | ||
| 035 | _a(NLR Aleph) 001335877 | ||
| 090 |
_a829771 _c829771 |
||
| 100 | _a20090225d2008 |||y0rusy50 ca | ||
| 101 | 0 |
_arus _deng |
|
| 102 | _aRU | ||
| 105 | _aab zzzz||||| | ||
| 200 | 1 |
_aСовременные методы обработки и интерпретации сейсмологических данных _dModern methods of processing and interpretation of seismological data _eматериалы Третьей Международной сейсмологической школы, Кисловодск, 20-24 октября 2008 г. _zeng _f[редкол. : чл.-кор. РАН А. А. Маловичко (отв. ред.) и др.] |
|
| 210 |
_aОбнинск _cГеофизическая служба РАН _d2008 |
||
| 215 |
_a235 с. _cил., цв. ил., карты _d28 |
||
| 300 | _aВ надзаг.: Российская акад. наук, Геофиз. служба, Ин-т физики Земли, Российский фонд фундамент. исслед. | ||
| 300 | _aРез. на англ. яз. | ||
| 320 | _aБиблиогр. в конце докл. | ||
| 510 | 0 |
_aModern methods of processing and interpretation of seismological data _zeng |
|
| 606 | 1 |
_aСейсмологические исследования _jСъезды, совещания и т.п. _xОбработка результатов _92457409 _3RU\NLR\auth\661460548 |
|
| 610 | 0 | _aНауки о Земле -- Геофизические науки -- Физика Земли -- Сейсмология -- Материалы конференции | |
| 686 |
_aД217я431(0) _2rubbk |
||
| 686 | _aД217с9я431(0) | ||
| 702 | 1 |
_aМаловичко _bА. А. _gАлексей Александрович _4340 |
|
| 711 | 1 | 2 |
_aМеждународная сейсмологическая школа _d3 _f2008 _eКисловодск _3RU\NLR\AUTH\8810131434 _9759568 |
| 801 | 0 |
_aRU _bРКП _c20090225 _grcr |
|
| 801 | 1 |
_aRU _bРГБ _c20090225 |
|
| 801 | 2 |
_aRU _bNLR _c20090402 _grcr |
|
| 942 | _cBOOK | ||
| 980 | _aNB | ||
| 980 | _aNBR | ||